000 01178nam a22003378i 4500
001 020145974
003 EG-ScBUE
005 20220302110125.0
008 210325s2021 nyua f 001 0 eng d
020 _a9781260598094 (pbk.)
020 _a1260598098
040 _aStDuBDS
_beng
_erda
_cStDuBDS
_dEG-ScBUE
082 0 4 _a621.3
_222
_bRIZ
100 1 0 _aRizzoni, Giorgio,
_eauthor.
245 1 0 _aPrinciples and applications of electrical engineering /
_cGiorgio, The Ohio State University, James Kearns, York College of Pennsylvania.
250 _aSeventh edition.
250 _aInternational student edition.
264 1 _aNew York :
_bMcGraw-Hill,
_c2021.
300 _axix, 971 pages :
_billustrations ;
_c27 cm
336 _atext
_2rdacontent
_btxt
337 _aunmediated
_2rdamedia
_bn
338 _avolume
_2rdacarrier
_bnc
500 _aIncludes index.
500 _aIncludes Appendices.
650 7 _aElectrical engineering.
_2BUEsh
_933874
653 _bENGELC
_cFebruary2022
655 _vReading book
_934232
700 1 _aKearns, James
_c(Associate professor of electrical & computer engineering),
_eauthor.
942 _2ddc
_cBB
999 _c29814
_d29785